000 00528cam a2200181 4500
008 000000n1999 000 0 eng u
020 _a1860813194
035 _a(Sirsi) u100418
041 _aENG
050 _a690
110 _aBuilding Research Establishment
245 _aPhotoelectric control of lighting: design, setup and installation issues.
260 _aWatford
_bCRC Ltd
_c1999
300 _a8p. ; 30cm.
490 _aBRE Information Paper
_v2/99
690 _aBUILT ENVIRONMENT-CONSTRUCTION DESIGN
942 _n0
999 _c99701
_d99701